Real Madrid Captains - Statistics

General Stats
  • This quiz has been taken 73 times
  • The average score is 7 of 9
Answer Stats
Years Captain Joined RM Position Player % Correct
2015-2021 2006 CB Ramos
97%
2024-2025 2012 CM Modrić
94%
2022-2023 2009 CF Benzema
93%
2010-2015 1999 GK Casillas
93%
2003-2010 1992 ST Raúl
90%
2021-2022 2007 LB Marcelo
87%
2001-2003 1989 CB Hierro
74%
2023-2024 2011 CB Nacho
72%
1993-2001 1983 CB Sanchís
24%
No matching quizzes found
Score Distribution
Percent of People with Each Score
Percentile by Number Answered
Your Score History
You have not taken this quiz